| 000 | 00413nam a2200169Ia 4500 | ||
|---|---|---|---|
| 003 | GCL | ||
| 008 | 140319s9999 xx 000 0 eng d | ||
| 040 |
_aGCL / _cGCL |
||
| 082 | 0 | 4 |
_a759 _bA F |
| 100 | 1 | _aATRIUM ART BOOKS | |
| 245 | 1 | 0 |
_aFILIPPOLIPPI / _cATRIUM ART BOOKS |
| 260 |
_a[S.N] : _bATRIUM ART BOOKS ، _c1975 |
||
| 650 | 0 | 4 | _aARTS |
| 650 | 0 | 4 | _aPAINTING |
| 650 | 0 | 4 | _aFILLIPPOLIPPI |
| 942 |
_2ddc _cBK |
||
| 999 |
_c20645 _d20645 |
||